000 00488nam a2200217 454500
001 050179
003 BD-ChCU
008 Eng
020 _a0631161929
040 _aDLC
_cDLC
_dBD-ChCU
082 0 0 _a142.78/C776e
100 1 _aCooper, David E.
_bx
245 1 0 _aExistentialism
_bA reconstruction
250 _ax
260 _aCambridge
_bBlackwell
_c1996
300 _aix,201
504 _aIncludes
650 0 _aPhilosophy
_bPhilosophy
700 1 _ax
942 _2ddc
_cBK
999 _c50179
_d50179